000 02916cam a22004454i 4500
003 PE-LiUPU
005 20250731165436.0
008 160519s2016 pe a grm 000 0 spa d
035 _a(Sirsi) a156762
040 _aPE-LiUPU
_bspa
_cPE-LiUPU
_erda
099 _aTIS 2
_bC17 2016
100 1 _aCalsin Quinto, Edwin René
_eautor
245 1 _aImplementación de un módulo para la declaración de libros electrónicos contables de la Clínica Americana de Juliaca /
_cEdwin René Calsin Quinto.
264 0 _c2016.
300 _a114 hojas :
_bilustraciones;
_c30 cm
336 _atext
_2rdacontent
337 _aunmediated
_2rdamedia
338 _avolume
_2rdacarrier
502 _aTesis
_b(Lic.) --
_cUniversidad Peruana Unión,
_d2016.
504 _aIncluye referencias
520 3 _aEl objetivo de esta investigación es implementar un módulo óptimo para la declaración de libros electrónicos contables de la Clínica Americana de Juliaca basado en la arquitectura SOA. Para facilitar al área contable la declaración de los libros electrónicos contables a la SUNAT. Además, dar a conocer el desarrollo de software basado en la arquitectura orientada a servicios (SOA) que es usado en grandes empresas de internet como Amazon, Yahoo y Google, como también usar las tecnologías Django Rest Framework y Angularjs. Se basó en la metodología XP y la aplicación del TDD donde primero se hizo las pruebas unitarias y luego se construyó el software, se desarrolló algoritmos para la identificación de error en datos y luego la generación del archivo de texto para la declaración de los libros electrónicos contables. Para desarrollar el módulo se necesita construir APIs; la mayoría de desarrolladores de software lo utilizan como medio de comunicación en empresas que desean comunicar sus sistemas de software. Sin embargo, no lo ven como una forma de desarrollo de software híbrido. Desarrollar APIs bajo un estilo de arquitectura Rest y ser consumidas por un cliente, no solo ayuda al rápido desarrollo, sino también a tener una aplicación web híbrida, escalable y reutilizable en sus recursos. Se pretende construir un software basado en SOA para las declaraciones de libros electrónicos contables de la Clínica Americana de Juliaca, haciendo el uso de diferentes tecnologías modernas.
526 _aSEG44
526 _aSEG26
526 _aP151
526 _aP150
526 _aP149
526 _aP146
526 _aP145
526 _aP126
526 _aP125
526 _aP92
526 _aP75
526 _aP74
526 _aP27
526 _aP15
610 2 _aClínica Americana de Juliaca
_xContabilidad
_xInnovaciones tecnológicas
_vTesis.
596 _a1
942 _2ddc
_cTESIS
999 _aTIS 2 C17 2016
_wALPHANUM
_c9412
_iT01972
_lCCODEBUL3
_mBUL
_r1
_sY
_tTESIS
_u2016-5-19
_xINGENIERIA
_PP27
_o.STAFF. Tesis
_d9412
980 _81
_gALBERTO SANCHEZ Responsable de Automatización